| LEADER | 00478cam a2200133 7i4500 | ||
|---|---|---|---|
| 001 | 0000014363 | ||
| 005 | 20040823090000.0 | ||
| 090 | 0 | 0 | |a CD 382.7 |b STA(BAHR) |
| 245 | 0 | 0 | |a State of Bahrain customs tariff 2002 : |b the harmonized commodity description and coding system of G.C.C. |
| 260 | 0 | 0 | |a Bahrain: |b [s.n], |c 2002. |
| 300 | # | # | |a Electronic computer optical disc(CD-ROM). |
| 650 | 0 | 0 | |a Tariff -- |z Bahrain |
| 651 | 0 | 0 | |a Bahrain |
| 999 | |a CDR000052H |b CD-ROM |c AV Collection |e Business Information Centre | ||